000 01267nam0a2200361 4500
001 RU\NLR\bibl\361950
005 20250621160856.0
010 _a5-317-00479-9
_9500
021 _aRU
_b2002-56733
_92756
035 _a(NLR Aleph) 000356550
090 _a308991
_c308991
100 _a20030128d2002 |||y0rusy50 ca
101 0 _arus
102 _aRU
105 _aa |||||||||
200 1 _aЯ тихо с Богом говорю...
_e[Проза, стихи]
_fМарк Елинсон, Юрий Пейч
_g[Ил. Юрий Пейч]
210 _aМ.
_aХайфа
_cМАКС-Пресс
_d2002
215 _a36,[1] с., 21 л. ил., цв. ил.
_d20
600 1 _aПейч
_bЮ.Л.
_gЮрий Леонидович
_92274745
_3RU\NLR\auth\661363253
675 _a821.161.1-8Елинсон
_v3
_zrus
686 _a17.82
_2rugasnti
686 _a84(2Рос-Рус)6
_2rubbk
686 _aШ6(2=Р)6я44
686 _aЩ143(5И)6-8Пейч
700 1 _aЕлинсон
_bМ. С.
_gМарк Самуилович
_4070
701 1 _aПейч
_bЮ. Л.
_gЮрий Леонидович
_4070
801 0 _aRU
_bRKP
_c20030128
_gPSBO
801 1 _aRU
_bRKP
_c20030128
801 2 _aRU
_bNLR
_c20030213
_grcr
942 _cBOOK
980 _aNB